Central Library OPAC University of Rajshahi

Mastering Cisco routers / (Record no. 55185)

MARC details
000 -LEADER
fixed length control field 00810nam a2200265 a 4500
001 - CONTROL NUMBER
control field 55185
003 - CONTROL NUMBER IDENTIFIER
rucl marc code BD-RjUL
005 - DATE AND TIME OF LATEST TRANSACTION
control field 20211209080228.0
008 - FIXED-LENGTH DATA ELEMENTS--GENERAL INFORMATION
fixed length control field 161115s2000 ii ||||| |||| 00| 0 eng d
020 ## - INTERNATIONAL STANDARD BOOK NUMBER
International Standard Book Number 8176562580
035 ## - SYSTEM CONTROL NUMBER
System control number (BD-RjUL)55307)
040 ## - CATALOGING SOURCE
Original cataloging agency BD-RjUL
Language of cataloging eng
Transcribing agency BD-RjUL
041 ## - LANGUAGE CODE
Language code of text/sound track or separate title eng
082 ## - DEWEY DECIMAL CLASSIFICATION NUMBER
Edition number 23
Classification number 005.133
Author mark and year REM 2000
100 10 - MAIN ENTRY--PERSONAL NAME
Personal name Brenton, Chris
9 (RLIN) 164430
245 ## - TITLE STATEMENT
Title Mastering Cisco routers /
Statement of responsibility, etc. Chris Brenton; Andrew Hamilton; Gary C Kessler
250 ## - EDITION STATEMENT
Edition statement First Indian ed.
260 ## - PUBLICATION, DISTRIBUTION, ETC. (IMPRINT)
Place of publication, distribution, etc. New Delhi :
Name of publisher, distributor, etc. BPB Pub,
Date of publication, distribution, etc. 2000
300 ## - PHYSICAL DESCRIPTION
Pagination xxi 707 p. :
Illustrations ill, ;
Size 24 cm
650 ## - SUBJECT ADDED ENTRY--TOPICAL TERM
Topical term or geographic name as entry element Routers (Computer networks)
9 (RLIN) 158330
Topical term or geographic name as entry element COMPUTERS -- Networking -- Vendor Specific.
9 (RLIN) 164431
700 ## - ADDED ENTRY--PERSONAL NAME
Personal name Hamilton, Andrew
Personal name Kessler, Gary C
942 ## - ADDED ENTRY ELEMENTS (KOHA)
Source of classification or shelving scheme Dewey Decimal Classification
Koha item type Books
Holdings
Lost status Source of classification or shelving scheme Damaged status Not for loan Collection code Permanent Location Current Location Shelving location Date acquired Source of acquisition Cost, normal purchase price Total Checkouts Full call number Date last seen Copy number Koha item type
  Dewey Decimal Classification     Non-fiction Central Library, University of Rajshahi Central Library, University of Rajshahi   12/02/2008 dhaka, paragon Enterprice ltd. 291.00   005.133 REM 2000 15/11/2016 C-2 Books
  Dewey Decimal Classification   Not For Loan Non-fiction Central Library, University of Rajshahi Central Library, University of Rajshahi Reading Room 12/02/2008 Paragon Enterprises Dhaka 297.00   005.133 REM 2000 14/03/2017 C-1 Books